00443cam a2200133 a 4500008004100000035001200041050002100053100001700074245007400091260005400165300003400219504002600253651003000279021112s1966 cr ab 000 0 spa u aa40540300aF1545 bS76 19661 aStone, Doris00aIntroducción a la arqueología de Costa Rica /c[por Doris Stone]. aSan José, Costa Rica :bMuseo Nacional, c1966. a55 p. :bil., mapas ;c28 cm. aBibliografía: p. 55 4aCosta Rica xAntiguedades